000 004760000a22001690004500
003 MACL
005 20151217171824.0
008 151217b xxu||||| |||| 00| 0 eng d
040 _aMACL
_cMACL
041 _aEnglish
082 _a741.642
100 _aThe University Society
_921026
245 _aThe Bookshelf for Boys and Girls
_bVol 1 Nursery Favorites Old and New
260 _bThe University Society
_c1955
650 _aChildrens Book
_97875
942 _cBK
_k741.642
_2ddc
999 _c40443
_d40443